000 00241nam a22001097a 4500
082 _a891.4391 ZUL'A
100 _aZULFI, ZULFIQAR AHMED
_956520
245 _aAHSAS
260 _aLAHORE
_bMAKTABA TEHREER
_c1991
300 _a128P
942 _cBK
999 _c566905
_d566905